Papago fields : arid lands ethnobotany and agricultural ecology /

Bibliographic Details
Main Author: Nabhan, Gary Paul
Format: Thesis Microform Book
Language:English
Published: [Place of publication not identified] : [publisher not identified] ; 1983.
Subjects:

MARC

Tag First Indicator Second Indicator Subfields
LEADER 00000cam a2200000 a 4500
001 in00000015590
005 20151007052541.0
007 he amb|||||||
008 850102r19841983miu bb 00010 eng d
035 |a (OCoLC)11539009 
035 |9 AAA8260AM 
040 |a AZU  |c AZU  |d TXA  |d UtOrBLW 
043 |a n-us-az 
049 |a TXAI 
099 |a fiche  |a C  |a 9558 
100 1 |a Nabhan, Gary Paul. 
245 1 0 |a Papago fields :  |b arid lands ethnobotany and agricultural ecology /  |c by Gary Paul Nabhan. 
264 1 |a [Place of publication not identified] :  |b [publisher not identified] ;  |c 1983. 
300 |a xiii, 232 leaves :  |b illustrations 
336 |a text  |b txt  |2 rdacontent 
337 |a microform  |b h  |2 rdamedia 
338 |a microfiche  |b he  |2 rdacarrier 
502 |b Ph. D  |c University of Arizona  |d 1983. 
504 |a Bibliography: leaves 218-232. 
533 |a Microfiche.  |b Ann Arbor, Mich. :  |c University Microfilms International,  |d 1984.  |e 3 microfiches ; 11 x 15 cm. 
500 |a Microform. 
650 0 |a Agricultural ecology  |z Arizona. 
650 0 |a Arid regions agriculture  |z Arizona. 
650 0 |a Ethnobotany  |z Arizona. 
650 0 |a Tohono O'odham Indians  |x Ethnobotany. 
999 |a MARS 
999 f f |s 48f63115-05f5-3569-aa07-d3c76acd2ced  |i 3ade0d6a-b3d5-3081-9ef1-3ece208c9848  |t 0 
952 f f |p normal  |a Texas A&M University  |b College Station  |c Sterling C. Evans Library  |d Evans: Microforms (3rd floor)  |t 0  |e fiche C 9558  |h Other scheme  |i microform -- microfiche  |m A14823245969 
998 f f |a fiche C 9558  |t 0  |l Evans: Microforms (3rd floor)